Transnational muslim politics : (Record no. 14168)

000 -LEADER
fixed length control field 01412nam a2200241 a 4500
001 - CONTROL NUMBER
control field ASIN041531769X
005 - DATE AND TIME OF LATEST TRANSACTION
control field 20170105102848.0
008 - FIXED-LENGTH DATA ELEMENTS--GENERAL INFORMATION
fixed length control field 130820s2003 xxu eng d
020 ## - INTERNATIONAL STANDARD BOOK NUMBER
International Standard Book Number 041531769X (paperback)
Terms of availability $55.95
020 ## - INTERNATIONAL STANDARD BOOK NUMBER
International Standard Book Number 9780415317696 (paperback)
040 ## - CATALOGING SOURCE
Original cataloging agency 0
082 ## - DEWEY DECIMAL CLASSIFICATION NUMBER
Classification number 320.55
100 1# - MAIN ENTRY--PERSONAL NAME
Personal name Mandaville, Peter.
245 10 - TITLE STATEMENT
Title Transnational muslim politics :
Remainder of title reimagining the umma /
Statement of responsibility, etc. Peter Mandaville.
250 ## - EDITION STATEMENT
Edition statement New edition.
260 ## - PUBLICATION, DISTRIBUTION, ETC.
Place of publication, distribution, etc. [S.l.] :
Name of publisher, distributor, etc. Routledge,
Date of publication, distribution, etc. 2003.
300 ## - PHYSICAL DESCRIPTION
Extent 256 p. ;
Dimensions 24 cm.
490 1# - SERIES STATEMENT
Series statement Routledge research in transnationalism.
520 ## - SUMMARY, ETC.
Summary, etc. This book analyzes Islam as a form of 'travelling theory' in the context of contemporary global transformations such as diasporic communities, transnational social movements, global cities and information technologies. Peter Mandaville examines how 'globalization' is manifested as lived experience through a discussion of debates over the meaning of Muslim identity, political community and the emergence of a 'critical Islam'. This radical book argues that translocal forces are leading the emergence of a wider Muslim public sphere. Now available in paperback, it contains a new preface setting the debates in the context of September 11th.
830 #0 - SERIES ADDED ENTRY--UNIFORM TITLE
Uniform title Routledge research in transnationalism.
856 40 - ELECTRONIC LOCATION AND ACCESS
Materials specified Amazon.com
Uniform Resource Identifier <a href="http://www.amazon.com/exec/obidos/ASIN/041531769X/chopaconline-20">http://www.amazon.com/exec/obidos/ASIN/041531769X/chopaconline-20</a>
942 ## - ADDED ENTRY ELEMENTS (KOHA)
Source of classification or shelving scheme
Koha item type Book
Holdings
Withdrawn status Lost status Damaged status Not for loan Collection code Permanent Location Current Location Shelving location Date acquired Total Checkouts Full call number Barcode Date last seen Price effective from Koha item type
          Centre for International Peace & Stability (CIPS) Centre for International Peace & Stability (CIPS) General Stacks 08/15/2013   320.55 MAN 2001 CIPS0000181 08/20/2013 08/20/2013 Book
© 2023 Central Library, National University of Sciences and Technology. All Rights Reserved.